Handbook on mushrooms / (Record no. 66864)
[ view plain ]
| 000 -LEADER | |
|---|---|
| fixed length control field | 00655nam a2200241 a 4500 |
| 001 - CONTROL NUMBER | |
| control field | 66864 |
| 003 - CONTROL NUMBER IDENTIFIER | |
| rucl marc code | BD-RjUL |
| 005 - DATE AND TIME OF LATEST TRANSACTION | |
| control field | 20211209081603.0 |
| 008 - FIXED-LENGTH DATA ELEMENTS--GENERAL INFORMATION | |
| fixed length control field | 161005r19951984ii a|||| b||| 00| 0 eng d |
| 020 ## - INTERNATIONAL STANDARD BOOK NUMBER | |
| International Standard Book Number | 8120408829 |
| 035 ## - SYSTEM CONTROL NUMBER | |
| System control number | (BD-RjUL)66995 |
| 040 ## - CATALOGING SOURCE | |
| Original cataloging agency | BD-RjUL |
| Language of cataloging | eng |
| Transcribing agency | BD-RjUL |
| 041 ## - LANGUAGE CODE | |
| Language code of text/sound track or separate title | eng |
| 082 ## - DEWEY DECIMAL CLASSIFICATION NUMBER | |
| Edition number | 23 |
| Classification number | 635.8 |
| Author mark and year | BAH 1995 |
| 100 1# - MAIN ENTRY--PERSONAL NAME | |
| Personal name | Bahl, Nita, |
| 9 (RLIN) | 159472 |
| 245 10 - TITLE STATEMENT | |
| Title | Handbook on mushrooms / |
| Statement of responsibility, etc. | Nita Bahl |
| 250 ## - EDITION STATEMENT | |
| Edition statement | 3rd ed. |
| 260 ## - PUBLICATION, DISTRIBUTION, ETC. (IMPRINT) | |
| Place of publication, distribution, etc. | New Delhi : |
| Name of publisher, distributor, etc. | Oxford & IBH Publishing, |
| Date of publication, distribution, etc. | 1984[Reprint 1995] |
| 300 ## - PHYSICAL DESCRIPTION | |
| Pagination | xi, 157 p. : |
| Illustrations | ill. ; |
| Size | 22 cm |
| 500 ## - GENERAL NOTE | |
| General note | Includes Index |
| 650 ## - SUBJECT ADDED ENTRY--TOPICAL TERM | |
| Topical term or geographic name as entry element | Mushroom culture |
| 9 (RLIN) | 159473 |
| 942 ## - ADDED ENTRY ELEMENTS (KOHA) | |
| Source of classification or shelving scheme | Dewey Decimal Classification |
| Koha item type | Books |
| Lost status | Source of classification or shelving scheme | Damaged status | Not for loan | Collection code | Permanent Location | Current Location | Shelving location | Date acquired | Source of acquisition | Cost, normal purchase price | Total Checkouts | Full call number | Date last seen | Copy number | Koha item type |
|---|---|---|---|---|---|---|---|---|---|---|---|---|---|---|---|
| Dewey Decimal Classification | Not For Loan | Non-fiction | Central Library, University of Rajshahi | Central Library, University of Rajshahi | Reading Room | 09/12/2021 | Dhaka, Lucy Syndicate | 79.00 | 635.8 BAH 1995 | 20/03/2017 | C-1 | Books |